| 000 | 00746nam a22002297a 4500 | ||
|---|---|---|---|
| 005 | 20170124105926.0 | ||
| 010 | _aB-194389 | ||
| 020 |
_c695.00 _a9788189526719 |
||
| 035 | _aB-194389 | ||
| 037 | _bCen Lib/Ret | ||
| 040 |
_aDPL _bEN |
||
| 082 |
_a025.524 _bGOY |
||
| 100 |
_aGoyal, P. K. _96327 |
||
| 245 |
_aInformation retrieval / _cby P. K. Goyal |
||
| 260 |
_aDelhi _bVista International Publishing House _c2005 |
||
| 270 |
_bDelhi _aV-196, Near Shiv Sadhna Mandir, C-11, Yamuna Vihar _e110053 |
||
| 300 |
_avi,290p. _c21cm(Hb) |
||
| 500 | _aIncludes index | ||
| 650 |
_aInformation retrieval--Periodicals _96328 |
||
| 650 |
_aText processing (Computer science)--Periodicals _96329 |
||
| 942 |
_2ddc _cEN _h025.524 _mGOY |
||
| 999 |
_c123474 _d123474 |
||